Tribhuvan University Central Library

Spectrometric identification of organic compounds. (Record no. 47978)

MARC details
000 -LEADER
fixed length control field 00721 a2200253 4500
020 ## - INTERNATIONAL STANDARD BOOK NUMBER
International Standard Book Number 0-471-02990-4
041 ## - LANGUAGE CODE
Language code of text/sound track or separate title Eng
082 ## - DEWEY DECIMAL CLASSIFICATION NUMBER
Classification number 547.358
Item number Si39s
100 ## - MAIN ENTRY--PERSONAL NAME
Personal name Silverstein, Robert M.
9 (RLIN) 2412
100 ## - MAIN ENTRY--PERSONAL NAME
Personal name Bassler, G. Clayton
9 (RLIN) 2413
100 ## - MAIN ENTRY--PERSONAL NAME
Personal name Morrill, Terence C.
9 (RLIN) 2414
245 ## - TITLE STATEMENT
Title Spectrometric identification of organic compounds.
250 ## - EDITION STATEMENT
Edition statement 4th ed.
260 ## - PUBLICATION, DISTRIBUTION, ETC.
Place of publication, distribution, etc. New York:
Name of publisher, distributor, etc. John Wiley,
Date of publication, distribution, etc. 1981.
300 ## - PHYSICAL DESCRIPTION
Extent 442p.:
Other physical details illus.
504 ## - BIBLIOGRAPHY, ETC. NOTE
Bibliography, etc. note Includes bibliographical references.
650 ## - SUBJECT ADDED ENTRY--TOPICAL TERM
Topical term or geographic name entry element Organic compounds
9 (RLIN) 2415
650 ## - SUBJECT ADDED ENTRY--TOPICAL TERM
Topical term or geographic name entry element Spectrum analysis
9 (RLIN) 2416
650 ## - SUBJECT ADDED ENTRY--TOPICAL TERM
Topical term or geographic name entry element Spectrometry
9 (RLIN) 2417
650 ## - SUBJECT ADDED ENTRY--TOPICAL TERM
Topical term or geographic name entry element Ultraviolet
9 (RLIN) 2418
653 ## - INDEX TERM--UNCONTROLLED
Uncontrolled term Organic chemistry
942 ## - ADDED ENTRY ELEMENTS (KOHA)
Source of classification or shelving scheme Dewey Decimal Classification
Koha item type General Collections
518 ## - DATE/TIME AND PLACE OF AN EVENT NOTE
-- 2010/12/01
Holdings
Withdrawn status Lost status Source of classification or shelving scheme Damaged status Not for loan Home library Current library Date acquired Total Checkouts Total Renewals Full call number Barcode Date last seen Date last checked out Price effective from Koha item type Date due
    Dewey Decimal Classification     Tribhuvan University Central Library Tribhuvan University Central Library 12/01/2010 11 9 547.358 Si39s G44307 04/10/2025 02/20/2025 12/01/2010 General Collections  
    Dewey Decimal Classification     Tribhuvan University Central Library Tribhuvan University Central Library 07/10/2014 5 2 547.358 Si39s 91503 03/04/2018 03/04/2018 07/10/2014 General Collections 03/30/2018
    Dewey Decimal Classification     Tribhuvan University Central Library Tribhuvan University Central Library 07/21/2014 8 9 547.358 Si39s G44310 03/16/2025 02/22/2025 07/21/2014 General Collections  
    Dewey Decimal Classification     Tribhuvan University Central Library Tribhuvan University Central Library 10/12/2023 2   547.358 Si39s 36649 01/13/2025 12/06/2024 10/12/2023 General Collections